Представление документа в формате RUSMARC

ПолеНазваниеЗначение
  Тип записи a
  Библиографический уровень m
001 Контрольный номер c1aec4c7c1534997ba6a74481d7613b0
005 Дата корректировки 20231010165355.7
010 Индекс ISBN __
a ISBN 5-94723-917-5 (в пер.)
d Цена 152-50
101 Язык документа 0_
a Язык текста rus
c Язык оригинала rus
200 Заглавие и сведения об ответственности 1_
a Заглавие Ночная жизнь
e Сведения, относящиеся к заглавию личность в своих сновидениях
f Первые сведения об ответственности А. А. Налчаджян
b Общее обозначение материала Текст
210 Выходные данные 1_
a Место издания СПб. [и др.]
c Издательство Питер
d Дата издания 2004
215 Физическое описание __
a Объем 442 с.
330 Аннотация __
a Аннотация В книге в общедоступной форме изложены новейшие достижения психологии в области исследования и толкования сновидений. Представлены сведения о периодах и фазах естественного сна, о тех образах и способах, с помощью которых формируются сюжеты сновидений.
606 Тематические рубрики __
a Основная рубрика Психология
2 Код системы nlr_sh
606 Тематические рубрики __
a Основная рубрика Особые состояния и явления психики
2 Код системы nlr_sh
610 Ключевые слова 0_
a Ключевые слова сон; сновидения; толкование снов; физиология сна; психофизиология сна
686 Индексы других классификаций __
a Классификационный индекс 88.282
2 Код системы rubbks
700 Автор _1
a Фамилия Налчаджян
b Имя А. А.
g Полное личное имя Альберт Агабекович
4 Код отношения 070
801 Источник записи _0
a Страна RU
b Организация Муниципальное бюджетное учреждение культуры "Централизованная библиотечная система" г. Сургут (Центральная городская библиотека им. А. С. Пушкина)
g Правила каталогизации КиК/Елгина
801 Источник записи _1
a Страна RU
b Организация Муниципальное бюджетное учреждение культуры "Централизованная библиотечная система" г. Сургут (Центральная городская библиотека им. А. С. Пушкина)
g Правила каталогизации КиК/Елгина
852 Данные о местонахождении __
j Шифр хранения 88.282
c Каталожный индекс 88.6
i Авторский знак Н 23
852 Данные о местонахождении __
j Шифр хранения 88.6
901 Тип документа __
t Тип документа m
903 Характеристики (МАРС) __
a Дата передачи 20060928
990 Данные о заказе (DOS) __
j Количество экземпляров (DOS) 4
t N записи в КСУ для И/У (DOS) 200610